000 00542nam a2200181Ia 4500
003 OSt
005 20260106090625.0
008 210210b1963 xxu||||| |||| 00| 0 eng d
040 _cAL
041 _aKannada
082 _a859/1560
100 _aRAMAMOLEYARA VISHVAMITRA
_9155891
_dರಾಮಮೊಳೆಯಾರ ವಿಶ್ವಾಮಿತ್ರ.
245 _aSanura rayaru:
_bಸಾಣೂರ ರಾಯರು
260 _aMangaluru
_bViveka Sahityamale
_c1963
690 _aKannada Fiction
_9155892
906 _a022288
942 _2ddc
_cBK
999 _c146441
_d146441